banner-ar

الطرق العددية و التحليل العددى / (Record no. 62797)

MARC details
000 -الفاتح
حقل البيانات ثابتة الطول 00857nam a22002297a 4500
005 - وقت وتاريخ اخر تعامل مع التسجيلة
رقم الضبط 20240530110608.0
008 - عناصر البيانات ثابتة الطول - معلومات عامة
حقل البيانات ثابتة الطول 160217s2012 ku aek g 000 0 ara d
017 ## - رقم الايداع القانونى
رقم الايداع القانونى 2011/4/1315
المصدر ( الهيئة المختصة) الكويت . دائرة المكتبة الوطنية
020 ## - الرقم الدولى المعيارى للكتب
الرقم الدولى المعيارى للكتاب 9789957171353
040 ## - مصدر الفهرسة
وكالة الفهرسة الأصلية EG-CaGPL
082 04 - رقم تصنيف ديوى العشرى
رقم الطبعة 21
رقم التصنيف 515.3 \
رقم المادة أ ط
100 0# - المدخل الرئيسى - إسم شخصى
الإسم الشخصى ابوبكر احمد السيد
245 12 - بيان العنوان
العنوان الطرق العددية و التحليل العددى /
بيان المسئوليه,etc ابوبكر احمد السيد
250 ## - بيان الطبعة
بيان الطبعة ط1
260 ## - PUBLICATION, DISTRIBUTION, ETC. (IMPRINT)
تاريخ النشر أو التوزيع 2012 .
300 ## - الوصف المادى
التعداد 439 ص :
تفاصيل ماديه اخرى للوعاء ايض ؛
أبعاد الوعاء 24 سم +
المادة المصاحبة ملاحق .
650 40 - المدخل الاضافى بالموضوع-مصطلح موضوعى
مصطلح موضوعي التحليل العددى
650 40 - المدخل الاضافى بالموضوع-مصطلح موضوعى
مصطلح موضوعي التكامل العددى
650 40 - المدخل الاضافى بالموضوع-مصطلح موضوعى
مصطلح موضوعي التفاضل العددى
942 ## - عناصر المدخل الإضافي( كوها)
مصدر التصنيف او مخطط الترفيف Dewey Decimal Classification
Koha [default] item type كتاب
260 ## - PUBLICATION, DISTRIBUTION, ETC. (IMPRINT)
-- الكويت :
-- مكتبة الفلاح للنشر و التوزيع ،
Holdings
حالة التراجع حالة الفقد حالة تلف ليس للاعارة المكان المؤقت الموقع الحالى موقع الترفيف تاريخ الاكتساب اجمالي اﻻعارات رقم الطلب الباركود تاريخ اخر مشاهدة تاريخ تفعيل السعر نوع وعاء كوها
        مكتبة القاهرة الكبرى مكتبة القاهرة الكبرى القاعة الرئيسية 11/09/2016   515.3\ أ ط 162660 11/09/2016 11/09/2016 كتاب

Powered By

EGPV